000 00220nam a2200109Ia 4500
100 _a#N/A
942 _cBK
245 _aDigit january 2013 Android SDK and Resouces
260 _b#N/A
546 _aENGLISH
999 _c21143
_d21143